00413ngm a2200121 i 4500001000300000100002600003245007600029260003100105040000800136041000800144008004100152856009800193bg1 aPuszczewicz, Barbara.00aPodróże za horyzont.cHenryk Konieczny, Barbara Puszczewicz.n1-2 / aWarszawa :b[s.n.],c1995. cBPK apol s pl f |000 0 pol  uhttp://koha.tu.koszalin.pl/cgi-bin/koha/opac-detail.pl?biblionumber=50093yKatalog online BPK